000 00643nam a2200217Ia 4500
003 PILC
005 20160317141228.0
008 140321s9999 xx 000 0 und d
020 _a9781848601758
050 _aG 155.A1
_b.B659 2012
100 _aBotterill, David.
245 _aKey concepts in tourism research /
_cDavid Botterill and Vincent Platenkamp.
250 _a1st edition.
260 _aCalifornia :
_bSage Publications,
_c2012.
300 _a190 pages ;
_c22 cm.
500 _aIncludes bibliographical references and index.
650 _aTourism
_xResearch.
650 _aTourism.
942 _kFOR
_cBK
_2lcc
999 _c48244
_d48244